000 00677nam a2200229Ia 4500
003 OSt
005 20220923221226.0
006 a|||||r|||| 00| 0
007 ta
008 220922b |||||||| |||| 00| 0 hin d
024 _a195,801
037 _cTextual
040 _aARTS
_cARTS
_bhin
041 _2hin
_ahin
082 _aR421, 152H8
100 _aसुमन, रामनाथ
_9156291
245 0 _aनारी
_b गृहलक्षमी और कल्याणी
246 _aNārī: gṛuhalakṣhamī aur kalyāṇī
260 _c1990
942 _hR421, 152H8
_cTEXL
_2CC
999 _c347924
_d347924